Developing partnerships gender, sexuality, and the reformed World Bank /

Bibliographic Details
Main Author: Bedford, Kate, 1975-
Corporate Author: ProQuest (Firm)
Format: Electronic eBook
Language:English
Published: Minneapolis : University of Minnesota Press, 2009.
Subjects:
Online Access:Click to View
LEADER 01401nam a2200361Ia 4500
001 EBC471763
003 MiAaPQ
005 20200520144314.0
006 m o d |
007 cr cn|||||||||
008 090422s2009 mnu sb s001 0 eng d
010 |z  2009012447 
020 |z 9780816665396 (hc : alk. paper) 
020 |z 9780816665402 (pb : alk. paper) 
035 |a (MiAaPQ)EBC471763 
035 |a (Au-PeEL)EBL471763 
035 |a (CaPaEBR)ebr10353987 
035 |a (CaONFJC)MIL523140 
035 |a (OCoLC)527796521 
040 |a MiAaPQ  |c MiAaPQ  |d MiAaPQ 
050 4 |a HQ1240.5.L29  |b B43 2009 
100 1 |a Bedford, Kate,  |d 1975- 
245 1 0 |a Developing partnerships  |h [electronic resource] :  |b gender, sexuality, and the reformed World Bank /  |c Kate Bedford. 
260 |a Minneapolis :  |b University of Minnesota Press,  |c 2009. 
300 |a xxxiv, 292 p. 
504 |a Includes bibliographical references and index. 
533 |a Electronic reproduction. Ann Arbor, MI : ProQuest, 2015. Available via World Wide Web. Access may be limited to ProQuest affiliated libraries. 
610 2 0 |a World Bank  |z Latin America. 
650 0 |a Women in development  |z Latin America. 
650 0 |a Sex role  |x Government policy  |z Latin America. 
655 4 |a Electronic books. 
710 2 |a ProQuest (Firm) 
856 4 0 |u https://ebookcentral.proquest.com/lib/matrademy/detail.action?docID=471763  |z Click to View